000 00918nam a2200265Ia 4500
003 OSt
005 20220927110409.0
006 a|||||r|||| 00| 0
007 ta
008 220926b |||||||| |||| 00| 0 eng d
024 _a56916
037 _cReports
040 _aRTL
_cRTL
_beng
041 _2eng
_aeng
082 _a"X:958.4.N8, M7"
110 _aInternational Social Security Association
_9377629
245 0 _aReport of the Asian regional round table meetiing on social security protection for the rural polpulation
260 _aNew
_bDelhi R A P India
_c1987
300 _a111p.
_ccm.
490 _a"U N Social security documentation Asian series,11. U N Regional office for Asia and the pacific"
650 _aSocial Scurity
_9352929
700 _aInternational Social Security Association
_9377630
942 _h"X:958.4.N8, M7"
_cCC
999 _c696346
_d696346